Loreto College Library, Kolkata
WEBOPAC (ONLINE PUBLIC ACCESS CATALOGUE)

Glimpses of the early history of Arunchal (Record no. 3532)

MARC details
000 -LEADER
fixed length control field 00579nam a2200193Ia 4500
005 - DATE AND TIME OF LATEST TRANSACTION
control field 20230826103559.0
008 - FIXED-LENGTH DATA ELEMENTS--GENERAL INFORMATION
fixed length control field 131103s9999 xx 000 0 und d
020 ## - ISBN | অাই এস বি এন
PRICE Rs.52
040 ## - CATALOGING SOURCE
Original cataloging agency Loreto College
041 ## - LANGUAGE CODE
Language code English
082 ## - DDC | ডিউই
Classification number | বর্গসংখ্যা 915.4163
Book Number | গ্রন্থাঙ্ক CHA
100 ## - MAIN ENTRY--PERSONAL NAME | মুখ্য সংলেখ - ব্যাক্তিনাম
Personal name | ব্যাক্তিনাম Chakravarty,L.N.
245 ## - TITLE STATEMENT | অাখ্যা বিবরণী
Title | অাখ্যা Glimpses of the early history of Arunchal
Statement of responsibility | লেখকের দায়িত্বের বিবরণ L.N.Chakravarty
260 ## - IMPRINT | প্রকাশনা ক্ষেত্র
Place of publication | প্রকাশ স্থান Itanagar
Name of publisher | প্রকাশকের নাম Directorate of Research,Govt. of Arunachal Pradesh
Date of publication | প্রকাশ কাল 1973 (1995 printing)
300 ## - PHYSICAL DESCRIPTION |
Page / Vol. No | পৃষ্ঠা / খন্ড সংখ্যা 134,[32] p.
Other physical details | অনান্য বাহ্যিক বিবরণ ill.,tables
650 ## - SUBJECT ADDED ENTRY--TOPICAL TERM | বিষয় শিরোনাম - মূল বিষয়
Topical term | মূল বিষয় Arunachal Pradesh - Geography
850 ## - HOLDING INSTITUTION
Holding institution LCLIB
942 ## - ADDED ENTRY ELEMENTS (KOHA)
Koha item type Books
Holdings
Withdrawn status Lost status Source of classification Damaged status Not for loan Home library Current library Date acquired Total Checkouts Full call number Accession No. Date last seen Price effective from Koha item type Coded location qualifier
    Dewey Decimal Classification     Loreto College Loreto College 04/11/2013   915.4163 CHA 43194 B3398 04/11/2013 04/11/2013 Books